000 01598cam a2200337Ii 4500
001 guidetomechanica00scho
003 CaSfIA
005 20210118091450.0
007 cr||||
008 801119s1979 nyua c 000 0 eng d
040 _aSPP
_cSPP
_dNCS
_dOCLCQ
_dCaSfIA
020 _c$11.00
035 _a(OCoLC)6954469
045 _aw6x6
050 4 _aNK9509
_b.S3
082 0 4 _a688.7/28/075
_219
100 1 _aSchorr, Martyn L.
245 1 4 _aThe guide to mechanical toy collecting :
_h[electronic resource]
_b1860 to 1960--100 years of clockwork, wind-up, Kobe & battery toys /
_cby Martyn L. Schorr ; a Play-it-again Sam production.
260 _aHaworth, N.J. :
_bPerformance Media,
_c1979.
300 _a66 p. :
_bchiefly ill. ;
_c28 cm.
500 _aCover title.
500 _a"Values, photos, descriptions, plus everything you've always wanted to know about toy collecting."
650 0 _aMechanical toys
_xCollectors and collecting.
650 0 _aMechanical toys
_vCatalogs.
740 0 1 _aMechanical toy collecting.
856 4 1 _uhttp://www.archive.org/details/guidetomechanica00scho
_zFree eBook from the Internet Archive
856 4 2 _uhttp://www.openlibrary.org/books/OL24558437M
_zAdditional information and access via Open Library
942 _cEB
506 _fНеобхідна авторизація на https://archive.org/ (створення облікового запису безкоштовно)
506 _fНеобхідна авторизація на https://openlibrary.org/ (створення облікового запису безкоштовно)
999 _c504029
_d504029